01370nam a2200349 a 4500008004100000020001800041041000800059100002600067245007000093250006700163260003100230300002200261500013000283653003600413653002700449653002600476653003000502653003400532653003000566653006300596653003000659653004200689653002100731653003000752653002000782653002300802653004000825653002700865653008000892700002300972700002500995110811s2010 ag f |||| 001 0 spa d a9789506550400 aspa1 aBhidayasiri, Roongroj aDiagnóstico diferencial en neurología /cRoongroj Bhidayasiri a1a ed.bTraducción María Elena Talarico y Graciela Sormani aBuenos Aires:bCTM;c2010. a544 p.c23x15 cm. aBhidayasiri, R., Waters, M. F. y Giza, C. C. (2010). Diagnóstico diferencial en neurología. (1a ed.). Buenos Aires : CTM. aNeurología y neuropatología aSíndromes clínicos aNeurología vascular aTrastornos paroxísticos aNeuropsiquiatría y demencia aTrastornos del movimiento aEnfermedades infecciosas, inflamatorias y desmielinizantes aNeurología periférica aNeurooftalmología y neurootología aNeurooncología aNeurología pediátrica aNeurogenética aNeurorradiología aEnfermedades de la médula espinal aPruebas diagnósticas aApéndice A: acotaciones de utilidad clínica. Apéndice B: Abreviaturas1 aWaters, Michael F.1 aGiza, Christopher C.